000 00522nam a22001817a 4500
005 20251108164650.0
008 250721s1990 xx 000 0 ara d
082 1 4 _a811.909/شفي
100 1 _aالسيد، شفيع
245 1 0 _aتجارب في نقد الشعر /
250 _aط2.، مزيده و منقحه
264 1 _aالقاهره :
_bمكتبة الشباب،
_c1990.
300 _a215ص
650 1 7 _aالنقد الأدبي
650 1 7 _aالشعر العربي
942 _2ddc
_cBK
999 _c11296
_d11296